[Event "Open C"]
[Site "Polanica-Zdroj"]
[Date "2017.08.23"]
[Round "5.5"]
[White "Bakalarz, Leszek"]
[Black "Butyrowski, Marcel"]
[Result "1-0"]
[BlackElo "1830"]
[WhiteElo "1972"]
[LiveChessVersion "1.4.8"]

1. e4 {[%clk 1:30:57]} c5 {[%clk 1:30:24]} 2. Nf3 {[%clk 1:31:24]} Nc6
{[%clk 1:30:49]} 3. d4 {[%clk 1:31:45]} cxd4 {[%clk 1:31:14]} 4. Nxd4
{[%clk 1:32:13]} g6 {[%clk 1:31:36]} 5. c4 {[%clk 1:32:32]} Nf6 {[%clk 1:31:51]}
6. Nc3 {[%clk 1:32:55]} Nxd4 {[%clk 1:32:10]} 7. Qxd4 {[%clk 1:33:09]} d6
{[%clk 1:32:33]} 8. Be2 {[%clk 1:19:26]} Bg7 {[%clk 1:32:48]} 9. Be3
{[%clk 1:19:49]} O-O {[%clk 1:33:00]} 10. Qd2 {[%clk 1:20:16]} a5
{[%clk 1:33:02]} 11. O-O {[%clk 1:19:00]} a4 {[%clk 1:33:07]} 12. b4
{[%clk 1:18:40]} axb3 {[%clk 1:32:30]} 13. a4 {[%clk 1:18:46]} Qa5
{[%clk 1:28:14]} 14. Rab1 {[%clk 1:11:32]} b2 {[%clk 1:25:28]} 15. Rxb2
{[%clk 1:09:57]} Nxe4 {[%clk 1:21:27]} 16. Nxe4 {[%clk 1:10:26]} Bxb2
{[%clk 1:21:45]} 17. Qxb2 {[%clk 1:10:50]} Qe5 {[%clk 1:21:27]} 18. Qxe5
{[%clk 1:08:35]} dxe5 {[%clk 1:21:46]} 19. Ra1 {[%clk 1:06:35]} Bd7
{[%clk 1:19:02]} 20. a5 {[%clk 1:07:01]} Bc6 {[%clk 1:18:42]} 21. f3
{[%clk 1:02:35]} Rfd8 {[%clk 1:17:16]} 22. Bb6 {[%clk 1:03:00]} Rd7
{[%clk 1:16:37]} 23. Rd1 {[%clk 1:01:15]} f5 {[%clk 1:15:32]} 24. Rxd7
{[%clk 0:57:38]} Bxd7 {[%clk 1:15:38]} 25. Nc5 {[%clk 0:55:57]} Bc6
{[%clk 1:12:07]} 26. Nd3 {[%clk 0:45:06]} e4 {[%clk 1:10:50]} 27. Ne5
{[%clk 0:45:29]} exf3 {[%clk 1:04:08]} 28. gxf3 {[%clk 0:45:55]} Ba4
{[%clk 1:00:10]} 29. f4 {[%clk 0:46:02]} e6 {[%clk 0:56:22]} 30. Bf3
{[%clk 0:46:27]} Rb8 {[%clk 0:56:21]} 31. Kf2 {[%clk 0:45:28]} Kg7
{[%clk 0:54:43]} 32. Ke3 {[%clk 0:43:45]} Kf6 {[%clk 0:54:04]} 33. h4
{[%clk 0:35:49]} Ke7 {[%clk 0:51:52]} 34. Ba7 {[%clk 0:33:08]} Ra8
{[%clk 0:51:42]} 35. Bc5+ {[%clk 0:33:23]} Kf6 {[%clk 0:51:27]} 36. Bb6
{[%clk 0:33:34]} Rb8 {[%clk 0:50:42]} 37. Kd4 {[%clk 0:33:46]} h6
{[%clk 0:49:55]} 38. Kc5 {[%clk 0:33:06]} g5 {[%clk 0:48:06]} 39. hxg5+
{[%clk 0:33:32]} hxg5 {[%clk 0:48:15]} 40. fxg5+ {[%clk 0:33:43]} Kxg5
{[%clk 0:48:17]} 41. Bc7 {[%clk 0:33:44]} Rc8 {[%clk 0:48:00]} 42. Kb6
{[%clk 0:33:46]} Bc6 {[%clk 0:45:09]} 43. Nxc6 {[%clk 0:33:48]} bxc6
{[%clk 0:45:25]} 44. Bxc6 {[%clk 0:33:14]} Kg4 {[%clk 0:44:39]} 45. Bd7
{[%clk 0:31:12]} Rh8 {[%clk 0:44:08]} 46. a6 {[%clk 0:31:24]} f4 {[%clk 0:42:40]}
47. Bxe6+ {[%clk 0:31:24]} Kf3 {[%clk 0:42:27]} 48. a7 {[%clk 0:31:37]} Ke3
{[%clk 0:41:35]} 49. Kb7 {[%clk 0:30:12]} f3 {[%clk 0:41:10]} 50. a8=Q
{[%clk 0:29:53]} 1-0

[Event "Open C"]
[Site "Polanica-Zdroj"]
[Date "2017.08.23"]
[Round "5.6"]
[White "Wasylkiewicz, Andrzej"]
[Black "Szczesniak, Andrzej"]
[Result "1/2-1/2"]
[BlackElo "1970"]
[WhiteElo "1783"]
[LiveChessVersion "1.4.8"]

1. e4 {[%clk 1:30:55]} e6 {[%clk 1:30:48]} 2. Qe2 {[%clk 1:28:56]} Nf6
{[%clk 1:30:46]} 3. Nc3 {[%clk 1:28:34]} d5 {[%clk 1:24:53]} 4. e5
{[%clk 1:25:37]} Nfd7 {[%clk 1:25:04]} 5. f4 {[%clk 1:24:30]} c5 {[%clk 1:22:22]}
6. Nf3 {[%clk 1:23:19]} Nc6 {[%clk 1:22:43]} 7. d3 {[%clk 1:20:29]} b5
{[%clk 1:17:54]} 8. g3 {[%clk 1:16:15]} Be7 {[%clk 1:11:10]} 9. Bg2
{[%clk 1:14:51]} O-O {[%clk 1:05:53]} 10. O-O {[%clk 1:14:04]} b4
{[%clk 1:05:52]} 11. Nd1 {[%clk 1:13:57]} a5 {[%clk 1:04:31]} 12. Nf2
{[%clk 1:12:05]} Ba6 {[%clk 0:58:49]} 13. Rd1 {[%clk 1:07:37]} Nd4
{[%clk 0:51:50]} 14. Qd2 {[%clk 1:06:09]} Rc8 {[%clk 0:47:17]} 15. c3
{[%clk 1:03:20]} Nxf3+ {[%clk 0:41:41]} 16. Bxf3 {[%clk 1:03:39]} Qb6
{[%clk 0:41:35]} 17. c4 {[%clk 0:57:28]} dxc4 {[%clk 0:38:31]} 18. dxc4
{[%clk 0:55:17]} Rfd8 {[%clk 0:38:50]} 19. Qe2 {[%clk 0:55:20]} Nb8
{[%clk 0:37:38]} 20. Be3 {[%clk 0:53:41]} Nc6 {[%clk 0:37:39]} 21. b3
{[%clk 0:52:10]} f6 {[%clk 0:29:43]} 22. exf6 {[%clk 0:50:22]} Bxf6
{[%clk 0:30:12]} 23. Rxd8+ {[%clk 0:50:36]} Rxd8 {[%clk 0:30:16]} 24. Rd1
{[%clk 0:50:38]} Rxd1+ {[%clk 0:27:56]} 25. Qxd1 {[%clk 0:50:52]} Nd4
{[%clk 0:28:17]} 26. Bxd4 {[%clk 0:50:09]} Bxd4 {[%clk 0:28:45]} 27. Kg2
{[%clk 0:50:08]} Bb7 {[%clk 0:28:36]} 28. Bxb7 {[%clk 0:50:00]} Qxb7+
{[%clk 0:28:59]} 29. Qf3 {[%clk 0:50:22]} Qxf3+ {[%clk 0:29:17]} 30. Kxf3 1/2-1/2

[Event "Open C"]
[Site "Polanica-Zdroj"]
[Date "2017.08.23"]
[Round "5.7"]
[White "Burzak, Wojciech"]
[Black "Slomczewski, Michal"]
[Result "0-1"]
[BlackElo "1956"]
[WhiteElo "1687"]
[LiveChessVersion "1.4.8"]

1. e4 c5 {[%clk 1:30:56]} 2. Nf3 {[%clk 1:30:08]} e6 {[%clk 1:31:19]} 3. d4
{[%clk 1:30:36]} cxd4 {[%clk 1:31:43]} 4. Nxd4 {[%clk 1:31:04]} Nc6
{[%clk 1:32:06]} 5. Nb5 {[%clk 1:31:27]} d6 {[%clk 1:32:24]} 6. c4
{[%clk 1:31:53]} Nf6 {[%clk 1:32:43]} 7. N1c3 {[%clk 1:32:17]} a6
{[%clk 1:33:00]} 8. Na3 {[%clk 1:32:39]} b6 {[%clk 1:33:18]} 9. Be2
{[%clk 1:33:05]} Bb7 {[%clk 1:33:30]} 10. O-O {[%clk 1:33:19]} Be7
{[%clk 1:33:05]} 11. Be3 {[%clk 1:31:59]} Ne5 {[%clk 1:32:26]} 12. f3
{[%clk 1:20:35]} O-O {[%clk 1:26:36]} 13. Qb3 {[%clk 1:16:06]} Ned7
{[%clk 1:26:50]} 14. Rfd1 {[%clk 1:15:42]} Bc6 {[%clk 1:22:02]} 15. Qc2
{[%clk 1:07:26]} Rc8 {[%clk 1:09:29]} 16. Qd2 {[%clk 1:03:33]} Qc7
{[%clk 1:08:18]} 17. Rac1 {[%clk 1:01:06]} Qb8 {[%clk 1:04:20]} 18. Nc2
{[%clk 0:59:01]} Rfe8 {[%clk 0:48:50]} 19. Bf4 {[%clk 0:55:46]} Ne5
{[%clk 0:49:04]} 20. Qe1 {[%clk 0:46:26]} Bb7 {[%clk 0:43:49]} 21. b3
{[%clk 0:43:46]} d5 {[%clk 0:35:16]} 22. cxd5 {[%clk 0:41:54]} exd5
{[%clk 0:34:40]} 23. Nxd5 {[%clk 0:37:20]} Bxd5 {[%clk 0:26:27]} 24. exd5
{[%clk 0:37:03]} Nxf3+ {[%clk 0:26:51]} 25. Bxf3 {[%clk 0:34:57]} Qxf4
{[%clk 0:26:52]} 26. Qf1 {[%clk 0:29:02]} Bd6 {[%clk 0:15:46]} 27. g3
{[%clk 0:29:05]} Qg5 {[%clk 0:16:08]} 28. Qd3 {[%clk 0:16:22]} Bf4
{[%clk 0:06:56]} 29. Rb1 {[%clk 0:16:11]} Bxg3 {[%clk 0:06:34]} 30. Rd2
{[%clk 0:12:14]} Be5+ {[%clk 0:03:12]} 31. Rg2 {[%clk 0:12:17]} Qf4
{[%clk 0:03:35]} 32. Kh1 {[%clk 0:11:15]} Rc3 {[%clk 0:03:48]} 33. Qxa6
{[%clk 0:07:57]} Qxf3 {[%clk 0:03:16]} 34. Rf1 {[%clk 0:06:58]} Qxd5
{[%clk 0:03:24]} 35. Nb4 {[%clk 0:07:06]} Qa5 {[%clk 0:03:08]} 36. Qe2
{[%clk 0:04:03]} Qxb4 {[%clk 0:03:02]} 37. Rxf6 {[%clk 0:04:15]} Rc1+
{[%clk 0:02:55]} 38. Rf1 {[%clk 0:04:30]} Rxf1+ {[%clk 0:03:15]} 39. Qxf1
{[%clk 0:04:58]} Bc3 {[%clk 0:02:37]} 40. Re2 {[%clk 0:03:00]} Rxe2
{[%clk 0:02:57]} 41. Qxe2 {[%clk 0:03:25]} g6 {[%clk 0:03:21]} 42. Qd3
{[%clk 0:03:07]} Qd4 {[%clk 0:03:05]} 43. Qb5 {[%clk 0:03:03]} Qe4+
{[%clk 0:03:18]} 0-1

[Event "Open C"]
[Site "Polanica-Zdroj"]
[Date "2017.08.23"]
[Round "5.8"]
[White "Majdziak, Witold"]
[Black "Slabek, Grzegorz"]
[Result "1/2-1/2"]
[BlackElo "2000"]
[WhiteElo "1764"]
[LiveChessVersion "1.4.8"]

1. e4 {[%clk 1:30:55]} d5 {[%clk 1:30:42]} 2. exd5 {[%clk 1:31:06]} Nf6
{[%clk 1:31:03]} 3. c4 {[%clk 1:30:55]} c6 {[%clk 1:31:11]} 4. d4
{[%clk 1:30:48]} cxd5 {[%clk 1:31:37]} 5. Nc3 {[%clk 1:29:43]} e6
{[%clk 1:31:59]} 6. Nf3 {[%clk 1:29:53]} Be7 {[%clk 1:32:16]} 7. Bd3
{[%clk 1:29:55]} dxc4 {[%clk 1:32:42]} 8. Bxc4 {[%clk 1:30:12]} O-O
{[%clk 1:33:08]} 9. O-O {[%clk 1:30:29]} Nc6 {[%clk 1:32:35]} 10. a3
{[%clk 1:25:53]} a6 {[%clk 1:32:59]} 11. Be3 {[%clk 1:24:37]} b5 {[%clk 1:33:16]}
12. Bd3 {[%clk 1:23:21]} Bb7 {[%clk 1:33:07]} 13. b4 {[%clk 1:20:38]} Rc8
{[%clk 1:31:33]} 14. Ne4 {[%clk 1:12:28]} Nxe4 {[%clk 1:31:33]} 15. Bxe4
{[%clk 1:12:53]} Na5 {[%clk 1:30:46]} 16. Bxb7 {[%clk 1:06:34]} Nxb7
{[%clk 1:31:06]} 17. Re1 {[%clk 1:00:59]} Qd5 {[%clk 1:28:59]} 18. Rc1
{[%clk 0:58:34]} Rfd8 {[%clk 1:28:49]} 19. Qe2 {[%clk 0:54:31]} Nd6
{[%clk 1:28:25]} 20. Ne5 {[%clk 0:50:12]} Nc4 {[%clk 1:27:03]} 21. Nxc4
{[%clk 0:48:09]} Rxc4 {[%clk 1:27:26]} 22. Rxc4 {[%clk 0:45:11]} bxc4
{[%clk 1:27:47]} 23. Rc1 {[%clk 0:42:48]} Rc8 {[%clk 1:28:11]} 24. Qf3
{[%clk 0:42:07]} Qxf3 {[%clk 1:24:53]} 25. gxf3 {[%clk 0:42:30]} Kf8
{[%clk 1:24:46]} 26. Kf1 {[%clk 0:42:31]} Bd6 {[%clk 1:25:05]} 27. h3
{[%clk 0:41:42]} Ke7 {[%clk 1:25:26]} 28. Ke2 {[%clk 0:41:14]} Kd7
{[%clk 1:25:43]} 29. Kd1 {[%clk 0:36:23]} f5 {[%clk 1:25:24]} 30. f4
{[%clk 0:36:19]} Be7 {[%clk 1:25:33]} 31. Kc2 {[%clk 0:35:16]} Kc6
{[%clk 1:25:22]} 32. Kc3 {[%clk 0:33:36]} Kb5 {[%clk 1:22:33]} 33. a4+
{[%clk 0:30:30]} Kxa4 {[%clk 1:22:28]} 34. Ra1+ {[%clk 0:30:50]} Kb5
{[%clk 1:22:53]} 35. Ra5+ {[%clk 0:30:55]} Kb6 {[%clk 1:19:36]} 36. d5+
{[%clk 0:30:58]} Kb7 {[%clk 1:20:00]} 37. dxe6 {[%clk 0:30:31]} Rc6
{[%clk 1:15:57]} 38. Rxf5 {[%clk 0:29:33]} Rxe6 {[%clk 1:16:15]} 39. Rf7
{[%clk 0:27:46]} Kc6 {[%clk 1:16:24]} 40. Kxc4 {[%clk 0:22:59]} Bf6
{[%clk 1:15:42]} 41. Ra7 {[%clk 0:22:49]} Re4+ {[%clk 1:15:42]} 42. Kb3
{[%clk 0:22:34]} Bd4 {[%clk 1:13:53]} 43. Bxd4 {[%clk 0:19:11]} Rxd4
{[%clk 1:14:15]} 44. Rxa6+ {[%clk 0:19:26]} Kb7 {[%clk 1:14:16]} 45. Re6
{[%clk 0:18:08]} Rxf4 {[%clk 1:14:38]} 46. Re7+ {[%clk 0:18:03]} Kb6
{[%clk 1:15:05]} 47. Rxg7 {[%clk 0:18:14]} Rf3+ {[%clk 1:15:24]} 48. Ka4
{[%clk 0:18:19]} Rxh3 {[%clk 1:15:50]} 49. f4 {[%clk 0:17:36]} Rh1
{[%clk 1:15:34]} 50. f5 {[%clk 0:15:18]} Ra1+ {[%clk 1:15:48]} 51. Kb3
{[%clk 0:15:40]} Rf1 {[%clk 1:16:13]} 52. Rg5 {[%clk 0:15:24]} Kc6
{[%clk 1:15:16]} 53. Rh5 {[%clk 0:15:13]} Rf2 {[%clk 1:13:54]} 54. Kc4
{[%clk 0:14:06]} Rf4+ {[%clk 1:14:15]} 55. Kc3 {[%clk 0:14:21]} Kd5
{[%clk 1:13:53]} 56. f6+ {[%clk 0:12:18]} Ke6 {[%clk 1:13:54]} 57. Rxh7
{[%clk 0:09:23]} Rxf6 {[%clk 1:13:55]} 58. Rc7 {[%clk 0:09:41]} Kd6
{[%clk 1:13:35]} 59. Rc5 {[%clk 0:09:52]} Rf4 {[%clk 1:12:53]} 60. Kb3
{[%clk 0:10:12]} Rf8 {[%clk 1:11:38]} 61. Kc4 {[%clk 0:09:59]} Rh8
{[%clk 1:11:33]} 62. Rg5 {[%clk 0:09:42]} Kc7 {[%clk 1:11:43]} 63. Rg6
{[%clk 0:09:53]} Kb7 {[%clk 1:11:38]} 64. Kb5 {[%clk 0:09:50]} Rh5+
{[%clk 1:11:57]} 65. Ka4 {[%clk 0:10:13]} Rf5 {[%clk 1:12:02]} 66. b5
{[%clk 0:09:58]} Rf1 {[%clk 1:12:20]} 67. Rg4 {[%clk 0:07:18]} Kb6
{[%clk 1:12:39]} 68. Rg6+ {[%clk 0:06:47]} Kb7 {[%clk 1:13:01]} 69. Rg3
{[%clk 0:04:15]} Kb6 {[%clk 1:13:06]} 1/2-1/2

[Event "Open C"]
[Site "Polanica-Zdroj"]
[Date "2017.08.23"]
[Round "5.9"]
[White "Litner, Igor"]
[Black "Zelak, Wladyslaw"]
[Result "1-0"]
[BlackElo "1758"]
[WhiteElo "1991"]
[LiveChessVersion "1.4.8"]

1. d4 Nf6 2. Nf3 g6 3. Bf4 d5 4. h3 Bg7 5. e3 O-O 6. Bd3 Nbd7 7. O-O Re8 8. Nbd2
c5 9. c3 b6 10. b4 Bb7 11. Bh2 Ne4 12. Rc1 Rc8 13. Qa4 e5 14. Nxe4 dxe4 15. Bb5
exf3 16. Bxd7 Qg5 17. Bg3 exd4 18. cxd4 fxg2 19. Rfe1 Qh5 20. Bxe8 Qxh3 21. Bh2
Bf8 22. bxc5 bxc5 23. Bd7 Qh4 24. Bxc8 Bd6 25. Qe8+ Kg7 26. f4 g5 27. Bxb7 1-0

[Event "Open C"]
[Site "Polanica-Zdroj"]
[Date "2017.08.23"]
[Round "5.10"]
[White "Czuchnicki, Adam"]
[Black "Kozlowski, Marcin"]
[Result "1-0"]
[BlackElo "1739"]
[WhiteElo "1991"]
[LiveChessVersion "1.4.8"]

1. d4 {[%clk 1:28:58]} d5 {[%clk 1:29:52]} 2. c4 {[%clk 1:29:16]} e6
{[%clk 1:30:14]} 3. Nf3 {[%clk 1:29:36]} Nf6 {[%clk 1:30:19]} 4. g3
{[%clk 1:30:03]} c6 {[%clk 1:24:14]} 5. Bg2 {[%clk 1:28:31]} Be7 {[%clk 1:22:46]}
6. O-O {[%clk 1:28:54]} Ne4 {[%clk 1:17:26]} 7. b3 {[%clk 1:19:06]} Nd7
{[%clk 1:17:12]} 8. Ba3 {[%clk 1:17:50]} O-O {[%clk 1:16:28]} 9. Bxe7
{[%clk 1:17:42]} Qxe7 {[%clk 1:16:45]} 10. Qc2 {[%clk 1:15:45]} f6
{[%clk 1:13:16]} 11. Nbd2 {[%clk 1:10:07]} Nd6 {[%clk 0:55:18]} 12. Rad1
{[%clk 0:55:44]} Rd8 {[%clk 0:33:51]} 13. Rfe1 {[%clk 0:53:21]} f5
{[%clk 0:32:09]} 14. Ne5 {[%clk 0:52:49]} Nf6 {[%clk 0:31:12]} 15. f3
{[%clk 0:52:17]} Bd7 {[%clk 0:22:30]} 16. e4 {[%clk 0:51:00]} fxe4
{[%clk 0:22:03]} 17. fxe4 {[%clk 0:49:47]} Be8 {[%clk 0:17:44]} 18. exd5
{[%clk 0:49:14]} cxd5 {[%clk 0:16:27]} 19. cxd5 {[%clk 0:48:22]} Rac8
{[%clk 0:15:25]} 20. Qd3 {[%clk 0:46:59]} Bb5 {[%clk 0:13:01]} 21. Nec4
{[%clk 0:45:31]} Nxc4 {[%clk 0:12:16]} 22. bxc4 {[%clk 0:45:31]} Bd7
{[%clk 0:08:20]} 23. dxe6 {[%clk 0:44:58]} Bxe6 {[%clk 0:08:32]} 24. Bh3
{[%clk 0:43:55]} Rd6 {[%clk 0:06:44]} 25. d5 {[%clk 0:42:24]} Rxd5
{[%clk 0:06:03]} 26. Bxe6+ {[%clk 0:42:20]} Qxe6 {[%clk 0:06:10]} 27. Qxd5
{[%clk 0:42:05]} Nxd5 {[%clk 0:05:59]} 28. Rxe6 {[%clk 0:42:32]} 1-0

[Event "Open C"]
[Site "Polanica-Zdroj"]
[Date "2017.08.23"]
[Round "5.11"]
[White "Raclawicki, Kacper"]
[Black "Gromczak, Dariusz"]
[Result "1-0"]
[BlackElo "1979"]
[WhiteElo "1722"]
[LiveChessVersion "1.4.8"]

1. d4 d6 2. Nf3 g6 3. g3 Bg7 4. Bg2 c6 5. O-O Nd7 6. c4 Ngf6 7. Nc3 O-O 8. e4 e5
9. d5 cxd5 10. cxd5 Nc5 11. Re1 a5 12. Nd2 Nd3 13. Re3 Nxf2 14. Qb3 Nh3+ 15. Bxh3
Bxh3 16. Nc4 Ng4 17. Rf3 f5 18. Bd2 a4 19. Qb6 fxe4 20. Qxd8 exf3 21. Qxa8 f2+
22. Kh1 Rxa8 1-0

[Event "Open C"]
[Site "Polanica-Zdroj"]
[Date "2017.08.23"]
[Round "5.12"]
[White "Zminda, Bogdan"]
[Black "Gajzner, Ryszard"]
[Result "1-0"]
[BlackElo "1717"]
[WhiteElo "1957"]
[LiveChessVersion "1.4.8"]

1. e4 {[%clk 1:30:57]} c5 {[%clk 1:30:55]} 2. Nf3 {[%clk 1:31:23]} d6
{[%clk 1:31:17]} 3. d4 {[%clk 1:31:43]} cxd4 {[%clk 1:31:41]} 4. Nxd4
{[%clk 1:32:07]} Nf6 {[%clk 1:32:24]} 5. Nc3 {[%clk 1:33:02]} a6 {[%clk 1:32:46]}
6. Bg5 {[%clk 1:31:10]} e6 {[%clk 1:33:08]} 7. f4 {[%clk 1:30:35]} Be7
{[%clk 1:33:28]} 8. Qf3 {[%clk 1:23:15]} h6 {[%clk 1:31:44]} 9. Bxf6
{[%clk 1:22:16]} Bxf6 {[%clk 1:22:19]} 10. O-O-O {[%clk 1:22:39]} Qb6
{[%clk 1:20:52]} 11. Nb3 {[%clk 1:21:48]} Nd7 {[%clk 1:10:44]} 12. h4
{[%clk 1:13:31]} a5 {[%clk 1:07:50]} 13. a4 {[%clk 1:10:37]} Bxc3
{[%clk 0:53:40]} 14. Qxc3 {[%clk 1:10:54]} Nf6 {[%clk 0:52:59]} 15. Bb5+
{[%clk 1:10:17]} Bd7 {[%clk 0:46:17]} 16. Bxd7+ {[%clk 1:10:03]} Kxd7
{[%clk 0:46:38]} 17. Rhe1 {[%clk 1:00:05]} Rhc8 {[%clk 0:38:29]} 18. Qd3
{[%clk 0:51:05]} Ke7 {[%clk 0:33:29]} 19. Kb1 {[%clk 0:47:59]} Qb4
{[%clk 0:29:16]} 20. e5 {[%clk 0:39:30]} dxe5 {[%clk 0:26:18]} 21. fxe5
{[%clk 0:36:55]} Nd5 {[%clk 0:26:16]} 22. Re4 {[%clk 0:36:26]} Qb6
{[%clk 0:23:38]} 23. c4 {[%clk 0:35:30]} f5 {[%clk 0:19:56]} 24. Rd4
{[%clk 0:30:36]} Nb4 {[%clk 0:18:12]} 25. Qg3 {[%clk 0:23:28]} Rg8
{[%clk 0:01:54]} 26. Rd7+ {[%clk 0:20:48]} 1-0

[Event "Open C"]
[Site "Polanica-Zdroj"]
[Date "2017.08.24"]
[Round "6.1"]
[White "Budnik, Mateusz"]
[Black "Darowicki, Mariusz"]
[Result "1/2-1/2"]
[BlackElo "1942"]
[WhiteElo "1987"]
[LiveChessVersion "1.4.8"]

1. e4 {[%clk 1:17:30]} e5 {[%clk 1:30:49]} 2. Nf3 {[%clk 1:17:54]} Nc6
{[%clk 1:31:13]} 3. Nc3 {[%clk 1:18:18]} Nf6 {[%clk 1:31:24]} 4. Bc4
{[%clk 1:18:39]} Bc5 {[%clk 1:31:14]} 5. d3 {[%clk 1:18:59]} h6 {[%clk 1:30:39]}
6. O-O {[%clk 1:19:15]} O-O {[%clk 1:30:42]} 7. h3 {[%clk 1:19:21]} d6
{[%clk 1:29:49]} 8. Be3 {[%clk 1:19:26]} Bb6 {[%clk 1:28:44]} 9. Re1
{[%clk 1:19:23]} Be6 {[%clk 1:26:05]} 10. Bb3 {[%clk 1:19:41]} Re8
{[%clk 1:24:39]} 11. Nd5 {[%clk 1:18:09]} Bxd5 {[%clk 1:23:22]} 12. Bxd5
{[%clk 1:18:19]} Nxd5 {[%clk 1:23:26]} 13. exd5 {[%clk 1:18:44]} Ne7
{[%clk 1:21:03]} 14. c4 {[%clk 1:18:26]} Ng6 {[%clk 1:20:53]} 15. a3
{[%clk 1:18:17]} Bxe3 {[%clk 1:18:29]} 16. Rxe3 {[%clk 1:18:30]} b6
{[%clk 1:16:34]} 17. b3 {[%clk 1:17:14]} f5 {[%clk 1:15:52]} 18. Qe1
{[%clk 1:15:49]} Qf6 {[%clk 1:14:18]} 19. Kh2 {[%clk 1:14:58]} Rf8
{[%clk 1:14:04]} 20. Ra2 {[%clk 1:14:38]} Rae8 {[%clk 1:14:18]} 21. Rae2
{[%clk 1:14:13]} Nf4 {[%clk 1:12:21]} 22. Rc2 {[%clk 1:14:04]} Ng6
{[%clk 1:11:51]} 23. b4 {[%clk 1:13:58]} Ne7 {[%clk 1:11:39]} 24. b5
{[%clk 1:13:30]} Ng6 {[%clk 1:11:36]} 25. a4 {[%clk 1:13:38]} Ra8
{[%clk 1:09:40]} 26. a5 {[%clk 1:13:24]} Qd8 {[%clk 1:09:33]} 27. Ra2
{[%clk 1:13:27]} Nh4 {[%clk 1:07:57]} 28. Nxh4 {[%clk 1:13:41]} Qxh4
{[%clk 1:08:22]} 29. f3 {[%clk 1:13:58]} Qf4+ {[%clk 1:07:14]} 30. Kh1
{[%clk 1:14:18]} Qd4 {[%clk 1:06:53]} 31. Qd2 {[%clk 1:14:13]} 1/2-1/2

[Event "Open C"]
[Site "Polanica-Zdroj"]
[Date "2017.08.24"]
[Round "6.2"]
[White "Slomczewski, Michal"]
[Black "Bakalarz, Leszek"]
[Result "0-1"]
[BlackElo "1972"]
[WhiteElo "1956"]
[LiveChessVersion "1.4.8"]

1. Nf3 {[%clk 1:30:58]} c5 {[%clk 1:30:44]} 2. c4 {[%clk 1:31:24]} Nc6
{[%clk 1:30:55]} 3. d4 {[%clk 1:31:37]} cxd4 {[%clk 1:31:14]} 4. Nxd4
{[%clk 1:32:01]} Nf6 {[%clk 1:30:35]} 5. Nc3 {[%clk 1:32:04]} e6 {[%clk 1:27:57]}
6. a3 {[%clk 1:28:34]} Qc7 {[%clk 1:19:31]} 7. e3 {[%clk 1:15:52]} b6
{[%clk 1:19:15]} 8. Be2 {[%clk 1:14:12]} Bb7 {[%clk 1:19:42]} 9. O-O
{[%clk 1:08:26]} Rc8 {[%clk 1:08:22]} 10. b3 {[%clk 0:59:29]} Be7
{[%clk 1:03:38]} 11. Bf3 {[%clk 0:43:41]} O-O {[%clk 1:03:10]} 12. e4
{[%clk 0:42:19]} Nxd4 {[%clk 0:42:20]} 13. Qxd4 {[%clk 0:42:34]} Bd6
{[%clk 0:42:38]} 14. Bb2 {[%clk 0:34:48]} Bxh2+ {[%clk 0:42:40]} 15. Kh1
{[%clk 0:35:15]} Qf4 {[%clk 0:37:25]} 16. Rfd1 {[%clk 0:24:45]} Qh4
{[%clk 0:37:27]} 17. g3 {[%clk 0:25:00]} Bxg3+ {[%clk 0:37:53]} 18. Kg2
{[%clk 0:25:27]} Qh2+ {[%clk 0:35:42]} 19. Kf1 {[%clk 0:25:52]} Be5
{[%clk 0:35:07]} 20. Qe3 {[%clk 0:24:16]} Qh4 {[%clk 0:18:55]} 21. Ke2
{[%clk 0:14:12]} Ng4 {[%clk 0:17:54]} 22. Bxg4 {[%clk 0:14:36]} Qxg4+
{[%clk 0:18:23]} 23. Kd3 {[%clk 0:15:01]} f5 {[%clk 0:12:33]} 24. Rg1
{[%clk 0:14:25]} fxe4+ {[%clk 0:12:40]} 25. Kc2 {[%clk 0:14:48]} Qf4
{[%clk 0:12:07]} 26. Rg2 {[%clk 0:12:14]} g6 {[%clk 0:08:05]} 27. a4
{[%clk 0:10:02]} d5 {[%clk 0:07:49]} 28. Qh3 {[%clk 0:07:17]} Qf6
{[%clk 0:06:59]} 29. Rh1 {[%clk 0:06:39]} Rf7 {[%clk 0:07:26]} 30. Nb5
{[%clk 0:05:28]} Bxb2 {[%clk 0:04:39]} 31. Nd6 {[%clk 0:05:37]} Ba3
{[%clk 0:03:09]} 32. Nxf7 {[%clk 0:05:47]} Qxf7 {[%clk 0:02:14]} 33. Qh2
{[%clk 0:05:36]} Qg7 {[%clk 0:01:56]} 34. Qh3 {[%clk 0:05:01]} Qb2+
{[%clk 0:02:18]} 35. Kd1 {[%clk 0:05:29]} Qc1+ {[%clk 0:02:45]} 36. Ke2
{[%clk 0:05:53]} Qc2+ {[%clk 0:02:45]} 37. Ke3 {[%clk 0:06:20]} Qxb3+
{[%clk 0:03:05]} 38. Kf4 {[%clk 0:06:42]} Qxh3 {[%clk 0:03:14]} 39. Rxh3
{[%clk 0:07:08]} Bd6+ {[%clk 0:03:31]} 40. Kg5 {[%clk 0:07:34]} Be7+
{[%clk 0:03:02]} 41. Kh6 {[%clk 0:07:26]} Rxc4 {[%clk 0:03:13]} 42. a5
{[%clk 0:07:28]} b5 {[%clk 0:02:35]} 43. a6 {[%clk 0:06:39]} Bxa6
{[%clk 0:02:54]} 44. f4 {[%clk 0:05:25]} exf3 {[%clk 0:03:11]} 45. Ra2
{[%clk 0:05:49]} f2 {[%clk 0:02:40]} 46. Rxf2 {[%clk 0:05:20]} Bc8
{[%clk 0:02:41]} 47. Rg2 {[%clk 0:03:59]} a5 {[%clk 0:02:53]} 48. Rgg3
{[%clk 0:03:51]} b4 {[%clk 0:02:58]} 49. Re3 {[%clk 0:04:01]} a4 {[%clk 0:03:18]}
50. Rh1 {[%clk 0:03:00]} a3 {[%clk 0:03:14]} 51. Rh2 {[%clk 0:03:23]} Rg4
{[%clk 0:03:09]} 52. Re5 {[%clk 0:03:37]} Bf8# 0-1